La circulation sanguine perpherique et ses troubles / (Record no. 57911)

MARC details
000 -LEADER
campo de control de longitud fija 00444nam a2200157 i 4500
001 - NÚMERO DE CONTROL
campo de control 57911
003 - IDENTIFICADOR DE NÚMERO DE CONTROL
campo de control ES-MaACL
005 - FECHA Y HORA DE LA ÚLTIMA TRANSACCIÓN
campo de control 20230906163659.0
007 - CAMPO FIJO DE DESCRIPCIÓN FÍSICA--INFORMACIÓN GENERAL
campo de control de longitud fija t|
008 - DATOS DE LONGITUD FIJA--INFORMACIÓN GENERAL
campo de control de longitud fija 031020s1926 fr ||||1| fre d
100 1# - ENTRADA PRINCIPAL--NOMBRE DE PERSONA
Nombre de persona Dumas.
9 (RLIN) 45979
245 13 - MENCIÓN DEL TÍTULO
Título La circulation sanguine perpherique et ses troubles /
Mención de responsabilidad, etc. par Dumas.
260 ## - PUBLICACIÓN, DISTRIBUCIÓN, ETC.
Lugar de publicación, distribución, etc. París :
Nombre del editor, distribuidor, etc. G. Doin,
Fecha de publicación, distribución, etc. 1926 (
Lugar de fabricación/manufactura Evreux :
Fabricante Hérissey)
300 ## - DESCRIPCIÓN FÍSICA
Extensión IV, 376 p. ;
Dimensiones 25 cm.
852 ## - LOCALIZACIÓN
Ubicación ES-MaACL
Número de control de estantería B-11543
Holdings
Estatus retirado Estado de pérdida Estado de daño No para préstamo Biblioteca de origen Biblioteca actual Ubicación en estantería Fecha de adquisición Fuente de adquisición Total de préstamos Signatura topográfica completa Código de barras Visto por última vez Precio de reemplazo Tipo de ítem Koha
        Biblioteca del Ateneo de Madrid Biblioteca del Ateneo de Madrid Sala Pardo Bazán 17/01/2008     B-11543 1060781 23/02/2023 23/02/2023 Libro impreso